| 000 | 01062nam a22002537a 4500 | ||
|---|---|---|---|
| 005 | 2010101908158.0 | ||
| 008 | 101019t xxu||||| |||| 00| 0 hin d | ||
| 010 | _aHIN-90900 | ||
| 020 |
_a9788190903196 _c125.00 |
||
| 035 | _aHN-63246 | ||
| 037 | _bDBAD / PUB | ||
| 040 |
_aDPL _bHN |
||
| 082 | _a821 | ||
| 100 |
_923632 _aराय, नन्दकुमार |
||
| 245 |
_aकितना अकेला / _cनन्दकुमार राय |
||
| 246 |
_aKitana Aakela _bby Nandkumar Roy |
||
| 260 |
_aनई दिल्ली _bदेवबंधु प्रकाशन _c2009 |
||
| 270 |
_a33/1, भुलभूल्लैयां रोड, महरौली _bनई दिल्ली _e110030 _k26643982 |
||
| 300 |
_a80पृ. _c22सेमी (सजिल्द) |
||
| 650 |
_9657 _aहिन्दी कविता |
||
| 700 | _923660 | ||
| 942 |
_2ddc _cHN _h821 _mरायन |
||
| 999 |
_c48461 _d48461 |
||